Dẫn luận về văn chương kì ảo

Nghiên cứu tổng quát về các thể loại văn học, sự xếp loại đối với các thể loại. Nguyên tắc cấu trúc của các thể loại văn học. Sự biến đổi về thời gian và không gian trong văn học. Ý nghĩa và cảm nhận văn học

Đã lưu trong:
Chi tiết về thư mục
Tác giả chính: Todorov, Tzevan
Tác giả khác: Đặng Anh Đào (dịch), Lê Hồng Sâm (dịch)
Định dạng: Sách
Ngôn ngữ:Vietnamese
French
Được phát hành: H. Đại học Sư phạm 2008
Phiên bản:In lần thứ 2
Những chủ đề:
Các nhãn: Thêm thẻ
Không có thẻ, Là người đầu tiên thẻ bản ghi này!
Thư viện lưu trữ: Mạng thư viện Đại học Đà Nẵng
LEADER 01739aam a22004338a 4500
001 000023009
003 19458
005 20150522150534.0
008 150522s2008 viesd
020 |c 25000đ  |d 1000b 
041 1 |a vie  |h fre 
082 1 4 |2 14  |a 848  |b TO-T 
100 1 |a Todorov, Tzevan 
245 1 0 |a Dẫn luận về văn chương kì ảo  |c Tzevan Todorov ; Dịch: Lê Hồng Sâm, Đặng Anh Đào 
250 |a In lần thứ 2 
260 |a H.  |b Đại học Sư phạm  |c 2008 
300 |a 211 tr.  |b bảng  |c 21 cm. 
504 |a Thư mục tr.3 
520 |a Nghiên cứu tổng quát về các thể loại văn học, sự xếp loại đối với các thể loại. Nguyên tắc cấu trúc của các thể loại văn học. Sự biến đổi về thời gian và không gian trong văn học. Ý nghĩa và cảm nhận văn học 
534 |a Dịch từ nguyên bản tiếng Pháp: Introduction à la littérature fantastique 
650 0 4 |2 Bộ TK TVQG  |a Tạp văn Pháp  |z Pháp 
650 7 |2 Bộ TK TVQG 
650 7 |2 Bộ TK TVQG 
653 |a Văn học kì ảo 
653 |a Văn học Pháp 
653 |a Mĩ học 
653 |a Lí luận văn học 
700 1 |a Đặng Anh Đào  |e dịch 
700 1 |a Lê Hồng Sâm  |e dịch 
OWN |a LSP 
AVA |a UDN50  |b LSP  |d 848 TO-T  |e available  |t Error 5001 Not defined in file expand_doc_bib_avail.  |f 5  |g 0  |h N  |i 0  |k 1 
999 |a From the UDN01 
AVA |a UDN50  |b LSP  |d 848 TO-T  |e available  |t Error 5001 Not defined in file expand_doc_bib_avail.  |f 5  |g 0  |h N  |i 0  |k 1 
TYP |a Monograph 
TYP |a Printed language 
980 |a Mạng thư viện Đại học Đà Nẵng